Diccionario de la naturaleza : hombre, ecología, paisaje /
Guardado en:
| Autor Principal: | |
|---|---|
| Formato: | Libro |
| Publicado: |
Madrid :
Espasa-calpe,
1987
|
| Materias: | |
| Etiquetas: |
Agregar Etiqueta
Sin Etiquetas, Sea el primero en etiquetar este registro!
|
| LEADER | 00500nam a22001695a 4500 | ||
|---|---|---|---|
| 001 | CEM.cems005260 | ||
| 005 | 20060220000000.0 | ||
| 008 | 130507s1987##################000#0#####d | ||
| 003 | CEMS | ||
| 082 | 0 | 4 | |a C574.505 |
| 100 | 1 | |a Ramos, Angel | |
| 245 | 1 | 0 | |a Diccionario de la naturaleza : |b hombre, ecología, paisaje / |
| 260 | |a Madrid : |b Espasa-calpe, |c 1987 | ||
| 300 | |a 1016 p. | ||
| 653 | |a Diccionarios | ||
| 653 | |a Diccionario-naturaleza | ||
| 859 | |a CEMS |b BIB. CEMS - 11 de abril |h C574.505 |i R147 |p 16470.91 |t Ej.1 | ||
